[Event "ROM-ch U12"]
[Site "Calimanesti Caciulata"]
[Date "2019.04.19"]
[Round "6"]
[White "Nastore, Pavel Alexandru"]
[Black "Boghici, Mario Bogdan"]
[Result "1-0"]
[WhiteElo "1970"]
[BlackElo "1476"]
[PlyCount "103"]
[EventDate "2019.04.15"]
[EventType "swiss"]
[EventRounds "9"]
[EventCountry "ROU"]
[SourceTitle "CBM 190 Extra"]
[Source "ChessBase"]
[SourceDate "2019.07.15"]
[SourceVersion "1"]
[SourceVersionDate "2019.07.15"]
[SourceQuality "1"]

1. e4 e6 2. d4 d5 3. Nc3 Bb4 4. e5 c5 5. a3 Bxc3+ 6. bxc3 Ne7 7. Nf3 Nbc6 8. Bd3 c4 9. Be2 b5 10. 0-0 0-0 11. a4 Qa5 12. Qd2 b4 13. cxb4 Qxb4 14. c3 Qa5 15. Ba3 Bd7 16. Bd1 Rfb8 17. Bc2 Ng6 18. h4 Qd8 19. h5 Nf8 20. Qf4 f6 21. g4 h6 22. Bc1 fxe5 23. Nxe5 Nxe5 24. Qxe5 Nh7 25. Qg3 Qe7 26. f4 Nf6 27. Ba3 Qd8 28. g5 Nxh5 29. Qg4 Nf6 30. gxf6 Qxf6 31. Rab1 Rd8 32. Qg3 Rab8 33. Bd6 Rxb1 34. Rxb1 Be8 35. Be5 Qf7 36. Rf1 Bd7 37. Rf2 Bc8 38. Rg2 Rd7 39. Qh4 Kf8 40. Rxg7 Qxg7+ 41. Bxg7+ Rxg7+ 42. Kf2 Kf7 43. Qd8 Rg8 44. Qc7+ Kf6 45. Qe5+ Ke7 46. Bh7 Rf8 47. Qc7+ Kf6 48. Qxa7 Rf7 49. Qb8 Rxh7 50. Qxc8 Kf5 51. Qf8+ Ke4 52. Qf6 1-0

[Event "ROM-ch U12"]
[Site "Calimanesti"]
[Date "2018.03.30"]
[Round "5"]
[White "Boghici, Mario Bogdan"]
[Black "Mainescu, Andrei Cristian"]
[Result "1-0"]
[WhiteElo "1423"]
[BlackElo "1807"]
[PlyCount "119"]
[EventDate "2018.03.27"]
[EventType "swiss"]
[EventRounds "9"]
[EventCountry "ROU"]
[SourceTitle "CBM 183 Extra"]
[Source "ChessBase"]
[SourceDate "2018.04.19"]
[SourceVersion "1"]
[SourceVersionDate "2018.04.19"]
[SourceQuality "1"]

1. e4 c5 2. Nf3 Nc6 3. d4 cxd4 4. Nxd4 g6 5. Nc3 Bg7 6. Be3 Nf6 7. Be2 0-0 8. 0-0 d6 9. Kh1 Bd7 10. f4 Ng4 11. Bxg4 Bxd4 12. Bxd4 Bxg4 13. Qd2 Nxd4 14. Qxd4 Bd7 15. f5 f6 16. Rab1 Kh8 17. Nd5 g5 18. c4 b6 19. b3 Rf7 20. Rb2 Rc8 21. Rc1 Rg7 22. Rc3 Be8 23. g4 h5 24. h3 Rh7 25. Kg2 hxg4 26. hxg4 Bf7 27. Kg3 Kg7 28. Rcc2 Qd7 29. Rh2 Rch8 30. Rxh7+ Rxh7 31. Rh2 Rxh2 32. Kxh2 Qd8 33. Qd3 Be8 34. Qe3 Bc6 35. a3 Qd7 36. Nc3 Bb7 37. Nb5 Bc8 38. Nd4 Qc7 39. Nb5 Qb8 40. Kg2 Bd7 41. Nc3 Bc6 42. Nd5 Qb7 43. a4 Kf7 44. Qh3 Ke8 45. Qh8+ Kd7 46. Qg8 Bxd5 47. exd5 a6 48. Qe6+ Kd8 49. Qg8+ Kc7 50. Qe8 b5 51. Qxe7+ Kc8 52. Qxb7+ Kxb7 53. a5 bxc4 54. bxc4 Kc7 55. Kf3 Kd7 56. Ke3 Kc7 57. Kd4 Kd7 58. c5 dxc5+ 59. Kxc5 Kc7 60. d6+ 1-0